00542nam a2200193 a 4500001001300000003000900013005001700022008004100039020002300080082001600103100002400119245005600143260005000199300000900249500003500258505001300293650001800306700002400324nice12345678IN_TiNIC20260116012818.0050524s1953 sina grp 000 0 eng  a9971948 c10000a270.82bSCH aSchmidt, Wolfgang R aCatalysing Hope for Justiceb Tribute to C. I. Itty aSingaporebChristian Conference of Asiac1953 a209p aincludes index and biblioraphy2 aAppendix aEcumenicalism1 aSchmidt, Wolfgang R